[Event "4NCL/2001-02/D3/MSL-PP2"]
[Site "Rd04-Birmingham"]
[Date "2001.11.25"]
[Round "4.8"]
[White "Goodwin, Lydia"]
[Black "Kelly, Paul J"]
[Result "0-1"]
[WhiteElo "1792"]
[BlackElo "1872"]
[PlyCount "64"]
[EventDate "2001.11.25"]
[EventType "team-match"]
[EventCountry "ENG"]
[SourceTitle "BritBase"]
[Source "John Saunders"]
[SourceDate "2024.10.24"]
[SourceVersion "1"]
[SourceVersionDate "2024.10.24"]
[SourceQuality "1"]
[WhiteTeam "Poisoned Pawns 2"]
[BlackTeam "Mind Sports Ltd"]
[WhiteTeamCountry "ENG"]
[BlackTeamCountry "ENG"]

1. e4 g6 2. Nf3 Bg7 3. d4 d6 4. g3 c5 5. c3 cxd4 6. cxd4 Nc6 7. Bg2 Qb6 8. O-O Nxd4 9. Nc3 Nxf3+ 10. Bxf3 Nf6 11. Bg2 O-O 12. Qe2 Bg4 13. Qc2 Rac8 14. Be3 Qa6 15. f3 Be6 16. Qf2 b6 17. Ne2 Rc2 18. Rfe1 Nd7 19. Rac1 Rfc8 20. f4 Bxb2 21. Rxc2 Rxc2 22. Qf3 Bxa2 23. Nd4 Rc8 24. Bh3 e6 25. f5 Ne5 26. Qg2 Bxd4 27. Bxd4 Qd3 28. Bxe5 Rc2 29. Qf1 Qxf1+ 30. Rxf1 dxe5 31. f6 Rb2 32. Rd1 Rb1 0-1

[Event "4NCL/2001-02/D3/NK-GUI2"]
[Site "Rd04-Birmingham"]
[Date "2001.11.25"]
[Round "4.2"]
[White "Jackson, Adrian"]
[Black "Gandy, Andrew R"]
[Result "1-0"]
[WhiteElo "2234"]
[BlackElo "2074"]
[PlyCount "77"]
[EventDate "2001.11.25"]
[EventType "team-match"]
[EventCountry "ENG"]
[SourceTitle "BritBase"]
[Source "John Saunders"]
[SourceDate "2024.10.24"]
[SourceVersion "1"]
[SourceVersionDate "2024.10.24"]
[SourceQuality "1"]
[WhiteTeam "Guildford-ADC 2"]
[BlackTeam "Nidum Knights"]
[WhiteTeamCountry "ENG"]
[BlackTeamCountry "WLS"]

1. d4 Nf6 2. Bg5 c5 3. d5 Qb6 4. Nc3 Qxb2 5. Bd2 Qb6 6. e4 d6 7. f4 e5 8. fxe5 dxe5 9. Nf3 Bd6 10. Bc4 a6 11. O-O Bg4 12. Qe1 Nbd7 13. a4 Qc7 14. Qg3 O-O 15. Nh4 Bh5 16. Nf5 Bg6 17. Qh4 Nh5 18. g3 Rfe8 19. Be2 Bxf5 20. Rxf5 Nhf6 21. g4 Nf8 22. g5 N6d7 23. Qf2 Re7 24. Rf1 Nb6 25. a5 Nc8 26. Na4 Ng6 27. Rf3 Nf4 28. Bxf4 exf4 29. Qh4 Rxe4 30. Bd3 Rxa4 31. Qxh7+ Kf8 32. Qh8+ Ke7 33. Re1+ Be5 34. Qxg7 Ra1 35. Rff1 Rxe1 36. Rxe1 Nd6 37. Qxe5+ Kd7 38. Bf5+ Nxf5 39. Qxf5+ 1-0

[Event "4NCL/2001-02/D3/NK-GUI2"]
[Site "Rd04-Birmingham"]
[Date "2001.11.25"]
[Round "4.3"]
[White "Tabatabai, John"]
[Black "Richardson, Kevin Derek"]
[Result "1/2-1/2"]
[WhiteElo "2065"]
[BlackElo "2184"]
[PlyCount "83"]
[EventDate "2001.11.25"]
[EventType "team-match"]
[EventCountry "ENG"]
[SourceTitle "BritBase"]
[Source "John Saunders"]
[SourceDate "2024.10.24"]
[SourceVersion "1"]
[SourceVersionDate "2024.10.24"]
[SourceQuality "1"]
[WhiteTeam "Nidum Knights"]
[BlackTeam "Guildford-ADC 2"]
[WhiteTeamCountry "WLS"]
[BlackTeamCountry "ENG"]

1. e3 d5 2. b3 Nf6 3. Bb2 c5 4. f4 Nc6 5. Nf3 Bg4 6. h3 Bxf3 7. Qxf3 e6 8. Be2 Ne4 9. O-O Qh4 10. Kh2 O-O-O 11. d3 Nd6 12. Nd2 Rg8 13. a3 g5 14. Bf6 Be7 15. g3 g4 16. Bxh4 gxf3 17. Bxf3 Bxh4 18. gxh4 Nf5 19. Rae1 Nxh4 20. Rg1 Kc7 21. Bh5 Rdf8 22. Nf3 Nxf3+ 23. Bxf3 Kd6 24. Rg4 f5 25. Rg2 Rxg2+ 26. Kxg2 Rg8+ 27. Kf2 b6 28. e4 fxe4 29. dxe4 dxe4 30. Bxe4 Nd4 31. Rd1 Ke7 32. b4 Rf8 33. c3 Nb5 34. Bc6 Nd6 35. Ke3 Rc8 36. b5 a6 37. a4 axb5 38. axb5 Rg8 39. Kf3 Rf8 40. Ra1 Kf6 41. Re1 Rf7 42. Rd1 1/2-1/2

[Event "4NCL/2001-02/D3/NK-GUI2"]
[Site "Rd04-Birmingham"]
[Date "2001.11.25"]
[Round "4.4"]
[White "Anderton, Matthew N"]
[Black "Powell, Annie"]
[Result "1-0"]
[WhiteElo "2190"]
[BlackElo "2024"]
[PlyCount "45"]
[EventDate "2001.11.25"]
[EventType "team-match"]
[EventCountry "ENG"]
[SourceTitle "BritBase"]
[Source "John Saunders"]
[SourceDate "2024.10.24"]
[SourceVersion "1"]
[SourceVersionDate "2024.10.24"]
[SourceQuality "1"]
[WhiteTeam "Guildford-ADC 2"]
[BlackTeam "Nidum Knights"]
[WhiteTeamCountry "ENG"]
[BlackTeamCountry "WLS"]

1. e4 c5 2. c3 Nf6 3. e5 Nd5 4. d4 cxd4 5. Nf3 e6 6. cxd4 b6 7. Bc4 Bb7 8. O-O Be7 9. Bxd5 Bxd5 10. Nc3 Bxf3 11. Qxf3 Nc6 12. Qg4 g6 13. Bh6 d5 14. exd6 Qxd6 15. Rac1 f5 16. Qf3 Rc8 17. d5 Ne5 18. Qg3 Ng4 19. Bf4 Qd7 20. dxe6 Qb7 21. Rcd1 Nf6 22. Bh6 Qc7 23. Qxc7 1-0

[Event "4NCL/2001-02/D3/NK-GUI2"]
[Site "Rd04-Birmingham"]
[Date "2001.11.25"]
[Round "4.5"]
[White "Wheatley, Chris J"]
[Black "Sharp, Peter"]
[Result "1/2-1/2"]
[WhiteElo "2024"]
[BlackElo "2104"]
[PlyCount "63"]
[EventDate "2001.11.25"]
[EventType "team-match"]
[EventCountry "ENG"]
[SourceTitle "BritBase"]
[Source "John Saunders"]
[SourceDate "2024.10.24"]
[SourceVersion "1"]
[SourceVersionDate "2024.10.24"]
[SourceQuality "1"]
[WhiteTeam "Nidum Knights"]
[BlackTeam "Guildford-ADC 2"]
[WhiteTeamCountry "WLS"]
[BlackTeamCountry "ENG"]

1. Nc3 d5 2. e4 d4 3. Nce2 e5 4. Ng3 Be6 5. Nf3 f6 6. Be2 c5 7. O-O Nc6 8. d3 Qd7 9. c4 Bd6 10. Ne1 Nge7 11. Nh5 Ng6 12. g3 Bh3 13. Ng2 O-O 14. f4 exf4 15. gxf4 f5 16. e5 Be7 17. Rf2 Qe8 18. Bf3 Nh4 19. Nxh4 Bxh4 20. Re2 Qg6+ 21. Kh1 Bg4 22. Bxg4 Qxg4 23. Rd2 Qxd1+ 24. Rxd1 g6 25. Ng3 Rae8 26. Bd2 h6 27. Rg1 Kh7 28. a3 a5 29. Raf1 b6 30. Rg2 Nd8 31. Ne2 Ne6 32. Rfg1 1/2-1/2

[Event "4NCL/2001-02/D3/NK-GUI2"]
[Site "Rd04-Birmingham"]
[Date "2001.11.25"]
[Round "4.6"]
[White "Norman, Kenneth I"]
[Black "Rees, Ioan L"]
[Result "1-0"]
[WhiteElo "2144"]
[BlackElo "1970"]
[PlyCount "71"]
[EventDate "2001.11.25"]
[EventType "team-match"]
[EventCountry "ENG"]
[SourceTitle "BritBase"]
[Source "John Saunders"]
[SourceDate "2024.10.24"]
[SourceVersion "1"]
[SourceVersionDate "2024.10.24"]
[SourceQuality "1"]
[WhiteTeam "Guildford-ADC 2"]
[BlackTeam "Nidum Knights"]
[WhiteTeamCountry "ENG"]
[BlackTeamCountry "WLS"]

1. Nf3 d5 2. c4 e6 3. g3 c6 4. b3 Nf6 5. Bb2 Be7 6. Bg2 Nbd7 7. O-O O-O 8. d3 b6 9. Nbd2 Bb7 10. e4 Nc5 11. e5 Nfd7 12. d4 Nd3 13. Bc3 c5 14. Qe2 cxd4 15. Bxd4 N7c5 16. Rfd1 dxc4 17. Bxc5 Nxc5 18. Nxc4 Qc7 19. Nd6 Ba6 20. Qe3 Rad8 21. b4 Nd7 22. Rac1 Qb8 23. b5 Bxd6 24. Rxd6 Bxb5 25. Nd4 Ba4 26. Bc6 Nc5 27. Bxa4 Rxd6 28. exd6 Nxa4 29. Rc7 Qd8 30. Rxa7 Qxd6 31. Rxa4 e5 32. Nb3 Rd8 33. Qe4 f5 34. Qxf5 Qc6 35. Qe4 Qb5 36. Qc4+ 1-0

[Event "4NCL/2001-02/D3/NK-GUI2"]
[Site "Rd04-Birmingham"]
[Date "2001.11.25"]
[Round "4.7"]
[White "Hammond, Terry"]
[Black "Punnett, Alan Kenneth"]
[Result "1/2-1/2"]
[WhiteElo "1946"]
[BlackElo "2121"]
[PlyCount "32"]
[EventDate "2001.11.25"]
[EventType "team-match"]
[EventCountry "ENG"]
[SourceTitle "BritBase"]
[Source "John Saunders"]
[SourceDate "2024.10.24"]
[SourceVersion "1"]
[SourceVersionDate "2024.10.24"]
[SourceQuality "1"]
[WhiteTeam "Nidum Knights"]
[BlackTeam "Guildford-ADC 2"]
[WhiteTeamCountry "WLS"]
[BlackTeamCountry "ENG"]

1. e4 e6 2. d4 d5 3. Nd2 Nf6 4. g3 Be7 5. Bg2 O-O 6. Ngf3 c5 7. O-O Nc6 8. e5 Nd7 9. Re1 b5 10. h4 a5 11. Nf1 b4 12. Bf4 Ba6 13. Ne3 Rc8 14. c4 bxc3 15. bxc3 Rb8 16. c4 dxc4 {rest of score sheet unintelligible} 1/2-1/2

[Event "4NCL/2001-02/D3/NK-GUI2"]
[Site "Rd04-Birmingham"]
[Date "2001.11.25"]
[Round "4.8"]
[White "Norman>Dobson>Wright, Dinah Margaret"]
[Black "Hammond, Rhiannon"]
[Result "1-0"]
[WhiteElo "2032"]
[BlackElo "1696"]
[PlyCount "89"]
[EventDate "2001.11.25"]
[EventType "team-match"]
[EventCountry "ENG"]
[SourceTitle "BritBase"]
[Source "John Saunders"]
[SourceDate "2024.10.24"]
[SourceVersion "1"]
[SourceVersionDate "2024.10.24"]
[SourceQuality "1"]
[WhiteTeam "Guildford-ADC 2"]
[BlackTeam "Nidum Knights"]
[WhiteTeamCountry "ENG"]
[BlackTeamCountry "WLS"]

1. d4 d5 2. Nf3 Nf6 3. e3 e6 4. Bd3 Be7 5. Nbd2 O-O 6. O-O Nbd7 7. c3 c5 8. Ne5 Re8 9. f4 Nf8 10. g4 c4 11. Bc2 b5 12. g5 N6d7 13. Ndf3 Bb7 14. Nxd7 Qxd7 15. Bd2 a5 16. a3 Reb8 17. Qe2 Ba6 18. Qg2 Qe8 19. Ne5 f6 20. gxf6 Bxf6 21. Ng4 Qe7 22. Nxf6+ Qxf6 23. f5 Ra7 24. fxe6 Qxe6 25. e4 Bb7 26. e5 Bc8 27. Bf5 Qe8 28. Bxc8 Rxc8 29. Qxd5+ Kh8 30. Rf2 Rd8 31. Qf3 Raa8 32. Raf1 Ng6 33. Qg4 Ra6 34. Qe4 Qe6 35. Bg5 Re8 36. d5 Qd7 37. e6 Qd6 38. Rf7 Qc5+ 39. Be3 Qd6 40. Bd4 Rg8 41. Rd7 Qb8 42. Rff7 Nf8 43. Rb7 Qe8 44. Bxg7+ Rxg7+ 45. Rxg7 1-0

[Event "4NCL/2001-02/D3/SCS-GUI3"]
[Site "Rd04-Birmingham"]
[Date "2001.11.25"]
[Round "4.1"]
[White "Edwards, David"]
[Black "Singleton, Michael Peter F"]
[Result "1/2-1/2"]
[WhiteElo "2189"]
[BlackElo "2080"]
[PlyCount "120"]
[EventDate "2001.11.25"]
[EventType "team-match"]
[EventCountry "ENG"]
[SourceTitle "BritBase"]
[Source "John Saunders"]
[SourceDate "2024.10.24"]
[SourceVersion "1"]
[SourceVersionDate "2024.10.24"]
[SourceQuality "1"]
[WhiteTeam "Southern Counties Stars"]
[BlackTeam "Guildford-ADC 3"]
[WhiteTeamCountry "ENG"]
[BlackTeamCountry "ENG"]

1. e4 c5 2. Nf3 Nc6 3. Bb5 Nd4 4. Nxd4 cxd4 5. O-O g6 6. d3 Bg7 7. f4 Nf6 8. Nd2 O-O 9. Nf3 d5 10. e5 Ng4 11. Qe2 f6 12. h3 Ne3 13. Bxe3 dxe3 14. Ba4 Qb6 15. Bb3 Be6 16. c3 a5 17. Rab1 a4 18. Bc2 fxe5 19. fxe5 d4 20. Nxd4 Bxe5 21. Rxf8+ Rxf8 22. Qxe3 Bxd4 23. Qxd4 Qxd4+ 24. cxd4 b5 25. Re1 Bxa2 26. Rxe7 Rc8 27. Re2 Ra8 28. Bd1 b4 29. Rc2 Bb1 30. Rc1 Bxd3 31. Ra1 Bb5 32. Kf2 Kg7 33. Ke3 Kf6 34. Bf3 Rc8 35. Bd1 b3 36. Kd2 Kg5 37. Rc1 Rxc1 38. Kxc1 Kf4 39. Kd2 h5 40. Bf3 Bd7 41. Bb7 g5 42. d5 Ke5 43. Bc6 Bxc6 44. dxc6 Kd6 45. Kc3 Kxc6 46. Kb4 Kd5 47. Kxa4 Ke4 48. Kxb3 Kf4 49. Kc4 Kg3 50. b4 Kxg2 51. b5 Kxh3 52. b6 g4 53. b7 g3 54. b8=Q h4 55. Qc8+ Kh2 56. Qg4 h3 57. Qf4 Kg2 58. Qd2+ Kh1 59. Qc1+ Kh2 60. Qf4 Kg2 1/2-1/2

[Event "4NCL/2001-02/D3/SCS-GUI3"]
[Site "Rd04-Birmingham"]
[Date "2001.11.25"]
[Round "4.2"]
[White "Shepley, Julien M"]
[Black "Rattray, Ross"]
[Result "1-0"]
[WhiteElo "2108"]
[BlackElo "2050"]
[PlyCount "99"]
[EventDate "2001.11.25"]
[EventType "team-match"]
[EventCountry "ENG"]
[SourceTitle "BritBase"]
[Source "John Saunders"]
[SourceDate "2024.10.24"]
[SourceVersion "1"]
[SourceVersionDate "2024.10.24"]
[SourceQuality "1"]
[WhiteTeam "Guildford-ADC 3"]
[BlackTeam "Southern Counties Stars"]
[WhiteTeamCountry "ENG"]
[BlackTeamCountry "ENG"]

1. Nc3 c5 2. e4 Nc6 3. Nge2 d6 4. g3 Bg4 5. Bg2 Nd4 6. h3 Bf3 7. O-O g5 8. Bxf3 Nxf3+ 9. Kg2 g4 10. hxg4 Ne5 11. d4 cxd4 12. Qxd4 Nf6 13. g5 Nc6 14. Qa4 Nd7 15. Nd4 Nb6 16. Qb5 Qd7 17. Be3 Bg7 18. Rad1 Rc8 19. Nf5 Bxc3 20. Bxb6 axb6 21. bxc3 Ne5 22. Ng7+ Kf8 23. Qxe5 dxe5 24. Rxd7 Kxg7 25. Rxe7 Rxc3 26. Rb1 Rxc2 27. Rxb6 Rxa2 28. Rbxb7 Rf8 29. Rxe5 Ra6 30. f4 Kg6 31. Ree7 Ra2+ 32. Kh3 Ra3 33. Kg4 Ra5 34. e5 Ra1 35. f5+ Kg7 36. e6 h5+ 37. gxh6+ Kxh6 38. Rxf7 Rg8+ 39. Kf4 Rf1+ 40. Ke5 Rg1 41. Kf6 Rh8 42. Rg7 Ra1 43. g4 Rf8+ 44. Rbf7 Rxf7+ 45. Rxf7 Ra6 46. g5+ Kh5 47. Rh7+ Kg4 48. g6 Ra5 49. e7 Rxf5+ 50. Ke6 1-0

[Event "4NCL/2001-02/D3/SCS-GUI3"]
[Site "Rd04-Birmingham"]
[Date "2001.11.25"]
[Round "4.3"]
[White "Clark, Stephen P"]
[Black "Dupre, Paul Donald"]
[Result "1-0"]
[WhiteElo "2101"]
[BlackElo "2053"]
[PlyCount "121"]
[EventDate "2001.11.25"]
[EventType "team-match"]
[EventCountry "ENG"]
[SourceTitle "BritBase"]
[Source "John Saunders"]
[SourceDate "2024.10.24"]
[SourceVersion "1"]
[SourceVersionDate "2024.10.24"]
[SourceQuality "1"]
[WhiteTeam "Southern Counties Stars"]
[BlackTeam "Guildford-ADC 3"]
[WhiteTeamCountry "ENG"]
[BlackTeamCountry "ENG"]

1. d4 Nf6 2. Nf3 c5 3. c3 cxd4 4. cxd4 Nc6 5. Nc3 g6 6. Bf4 Qa5 7. Qb3 Bg7 8. e3 O-O 9. h3 d6 10. Bc4 e5 11. dxe5 dxe5 12. Bh2 e4 13. Nd2 Qg5 14. Bg3 Na5 15. Qb5 Qxb5 16. Bxb5 a6 17. Ba4 b5 18. Bc2 Re8 19. Ncxe4 Nxe4 20. Bxe4 Bb7 21. Bxb7 Nxb7 22. Rb1 Rac8 23. Ke2 Nc5 24. b3 Bc3 25. Nf3 Ne4 26. Rhc1 b4 27. Rc2 f5 28. Bf4 Nf6 29. Rd1 Nh5 30. Kf1 a5 31. Be5 Nf6 32. Bxf6 Bxf6 33. Rdc1 Ra8 34. Nd2 a4 35. Nc4 axb3 36. axb3 Bc3 37. Ke2 Ra6 38. Nb2 Bxb2 39. Rxb2 f4 40. Rc4 fxe3 41. Rxb4 exf2+ 42. Kxf2 Rf6+ 43. Kg3 Re3+ 44. Kh2 h5 45. Rb7 Rf7 46. Rxf7 Kxf7 47. b4 Re6 48. b5 Rb6 49. Kg3 Ke7 50. Kf4 Kf6 51. Ke4 Ke6 52. Kd4 Kd6 53. Kc4 Kc7 54. Kd5 Rf6 55. b6+ Kb7 56. Ke5 Rf5+ 57. Ke6 Rg5 58. Kf6 Rg3 59. Kg7 g5 60. Kh6 h4 61. Kh5 1-0

[Event "4NCL/2001-02/D3/SCS-GUI3"]
[Site "Rd04-Birmingham"]
[Date "2001.11.25"]
[Round "4.4"]
[White "Smart, Michael"]
[Black "Habibi, Amir"]
[Result "1-0"]
[WhiteElo "1960"]
[BlackElo "2061"]
[PlyCount "83"]
[EventDate "2001.11.25"]
[EventType "team-match"]
[EventCountry "ENG"]
[SourceTitle "BritBase"]
[Source "John Saunders"]
[SourceDate "2024.10.24"]
[SourceVersion "1"]
[SourceVersionDate "2024.10.24"]
[SourceQuality "1"]
[WhiteTeam "Guildford-ADC 3"]
[BlackTeam "Southern Counties Stars"]
[WhiteTeamCountry "ENG"]
[BlackTeamCountry "ENG"]

1. e4 e6 2. d4 d5 3. Nd2 Nf6 4. e5 Nfd7 5. Bd3 c5 6. c3 Nc6 7. Ne2 Qb6 8. Nf3 cxd4 9. cxd4 f6 10. exf6 Nxf6 11. O-O Bd6 12. Bf4 Bxf4 13. Nxf4 O-O 14. Re1 Nb4 15. Bb1 Bd7 16. Ng5 Rae8 17. a3 Na6 18. Qc2 Ne4 19. Nxe4 Rxf4 20. Nc5 Nxc5 21. dxc5 Qd8 22. Qxh7+ Kf8 23. Qh8+ Kf7 24. Qh5+ Kg8 25. g3 Rf6 26. Bh7+ Kf8 27. Bg6 Rxg6 28. Qxg6 Qe7 29. Re3 d4 30. Re4 e5 31. Rh4 Kg8 32. Re1 Qxc5 33. Qh7+ Kf8 34. Qh8+ Kf7 35. Qh5+ Kf8 36. Rhe4 Bc6 37. Rxe5 Rxe5 38. Qxe5 Qb6 39. Qb8+ Kf7 40. b4 d3 41. Qf4+ Kg8 42. Qc4+ 1-0

[Event "4NCL/2001-02/D3/SCS-GUI3"]
[Site "Rd04-Birmingham"]
[Date "2001.11.25"]
[Round "4.5"]
[White "Lutton, J Ezra"]
[Black "Allinson, Julian"]
[Result "1/2-1/2"]
[WhiteElo "2093"]
[BlackElo "1944"]
[PlyCount "112"]
[EventDate "2001.11.25"]
[EventType "team-match"]
[EventCountry "ENG"]
[SourceTitle "BritBase"]
[Source "John Saunders"]
[SourceDate "2024.10.24"]
[SourceVersion "1"]
[SourceVersionDate "2024.10.24"]
[SourceQuality "1"]
[WhiteTeam "Southern Counties Stars"]
[BlackTeam "Guildford-ADC 3"]
[WhiteTeamCountry "ENG"]
[BlackTeamCountry "ENG"]

1. e4 c6 2. Nc3 d5 3. d4 dxe4 4. Bc4 Nf6 5. f3 e5 6. Bg5 exd4 7. Nxe4 Qa5+ 8. Bd2 Qe5 9. Qe2 Be6 10. O-O-O Nbd7 11. g3 Nxe4 12. fxe4 d3 13. cxd3 Bxc4 14. dxc4 Bc5 15. Nf3 Qe7 16. Nh4 g6 17. Bc3 Ne5 18. Nf3 f6 19. Nxe5 fxe5 20. Rhf1 Rd8 21. Rxd8+ Kxd8 22. Qd3+ Kc8 23. Qf3 Re8 24. Qf7 Bd4 25. Bd2 Qxf7 26. Rxf7 Rd8 27. Bg5 Rd7 28. Rf8+ Kc7 29. Kc2 b5 30. cxb5 cxb5 31. Bf6 Kb7 32. Bd8 Be3 33. Ba5 Rd4 34. Bc3 Rc4 35. Rf7+ Kc6 36. Kd3 Bd4 37. Rxh7 Bxc3 38. bxc3 Ra4 39. Rg7 Rxa2 40. Rxg6+ Kc5 41. h4 Rg2 42. h5 a5 43. h6 a4 44. g4 a3 45. Ra6 Rg3+ 46. Kc2 Rxg4 47. Rxa3 Kc4 48. Ra8 Rg2+ 49. Kd1 Rh2 50. Rh8 Kxc3 51. h7 Kb2 52. Rb8 Rxh7 53. Rxb5+ Kc3 54. Rxe5 Kd3 55. Ke1 Rh4 56. Ra5 Rxe4+ 1/2-1/2

[Event "4NCL/2001-02/D3/SCS-GUI3"]
[Site "Rd04-Birmingham"]
[Date "2001.11.25"]
[Round "4.6"]
[White "Bimbatti, Gian"]
[Black "Partington, Anna"]
[Result "1-0"]
[WhiteElo "1768"]
[BlackElo "1792"]
[PlyCount "119"]
[EventDate "2001.11.25"]
[EventType "team-match"]
[EventCountry "ENG"]
[SourceTitle "BritBase"]
[Source "John Saunders"]
[SourceDate "2024.10.24"]
[SourceVersion "1"]
[SourceVersionDate "2024.10.24"]
[SourceQuality "1"]
[WhiteTeam "Guildford-ADC 3"]
[BlackTeam "Southern Counties Stars"]
[WhiteTeamCountry "ENG"]
[BlackTeamCountry "ENG"]

1. e4 c6 2. d4 d5 3. Nd2 dxe4 4. Nxe4 Nf6 5. Ng3 g6 6. Bc4 Bg7 7. N1e2 Nbd7 8. O-O O-O 9. f4 Nb6 10. Bd3 Ng4 11. c3 Nd5 12. Rf3 Qb6 13. f5 e5 14. fxe6 Bxe6 15. h3 Ngf6 16. a3 Nd7 17. Kh1 Ne7 18. Nf4 Bb3 19. Qf1 Nd5 20. Nge2 c5 21. c4 Nxf4 22. Nxf4 cxd4 23. Nd5 Qc5 24. Bd2 a5 25. Bf4 Nb6 26. Nxb6 Qxb6 27. Re1 Ba4 28. Rf2 Rfe8 29. Rfe2 Rxe2 30. Rxe2 Re8 31. Kg1 {(=)} Re6 32. Qe1 Bd7 33. Rxe6 Bxe6 34. b4 axb4 35. axb4 Qa6 36. b5 Qa3 37. Qe2 Qb3 38. Kf2 Bf8 39. Be5 Bg7 {(=)} 40. Bxg7 Kxg7 41. Qe5+ Kg8 42. Qxd4 Qa2+ 43. Kg3 Qa3 44. Kh2 Qb3 45. c5 Bd5 46. b6 Qa2 47. Be4 Bxe4 48. Qxe4 Qa6 49. Qe8+ Kg7 50. Qe5+ Kh6 51. Qe3+ Kg7 52. c6 bxc6 53. Qe5+ Kh6 54. Qc7 g5 55. b7 g4 56. b8=Q gxh3 57. Qf8+ Kg5 58. Qe5+ Kh4 59. Qh6+ Kg4 60. Qef4# 1-0

[Event "4NCL/2001-02/D3/SCS-GUI3"]
[Site "Rd04-Birmingham"]
[Date "2001.11.25"]
[Round "4.7"]
[White "Gosden, Raymond"]
[Black "Sandercock, E Barry"]
[Result "1/2-1/2"]
[WhiteElo "1744"]
[BlackElo "1672"]
[PlyCount "80"]
[EventDate "2001.11.25"]
[EventType "team-match"]
[EventCountry "ENG"]
[SourceTitle "BritBase"]
[Source "John Saunders"]
[SourceDate "2024.10.24"]
[SourceVersion "1"]
[SourceVersionDate "2024.10.24"]
[SourceQuality "1"]
[WhiteTeam "Southern Counties Stars"]
[BlackTeam "Guildford-ADC 3"]
[WhiteTeamCountry "ENG"]
[BlackTeamCountry "ENG"]

1. e4 c5 2. Nf3 e6 3. d4 cxd4 4. Nxd4 Nf6 5. Nc3 Bb4 6. e5 Ne4 7. Qg4 Qa5 8. Qxe4 Bxc3+ 9. bxc3 Qxc3+ 10. Kd1 Qxa1 11. Nb5 Nc6 12. Nc7+ Kd8 13. Nxa8 Qxe5 14. Qxe5 Nxe5 15. Bf4 f6 16. Bb5 b6 17. Be3 Bb7 18. Nxb6 axb6 19. Bxb6+ Ke7 20. f3 Nxf3 21. Ke2 Ne5 22. a4 Rc8 23. Bd3 Nxd3 24. Kxd3 f5 25. c3 Bxg2 26. Ra1 Be4+ 27. Kd2 Kd6 28. a5 g5 29. Ra4 e5 30. a6 h5 31. a7 Ba8 32. Rb4 Kc6 33. Ba5 d5 34. Rb6+ Kd7 35. Rh6 h4 36. Rh5 Rg8 37. Rh7+ Kc6 38. Bc7 e4 39. Be5 f4 40. Bf6 e3+ 1/2-1/2

[Event "4NCL/2001-02/D3/SCS-GUI3"]
[Site "Rd04-Birmingham"]
[Date "2001.11.25"]
[Round "4.8"]
[White "Patel, Sunena"]
[Black "Miller, Naomi"]
[Result "0-1"]
[WhiteElo "1224"]
[BlackElo "1344"]
[PlyCount "60"]
[EventDate "2001.11.25"]
[EventType "team-match"]
[EventCountry "ENG"]
[SourceTitle "BritBase"]
[Source "John Saunders"]
[SourceDate "2024.10.24"]
[SourceVersion "1"]
[SourceVersionDate "2024.10.24"]
[SourceQuality "1"]
[WhiteTeam "Guildford-ADC 3"]
[BlackTeam "Southern Counties Stars"]
[WhiteTeamCountry "ENG"]
[BlackTeamCountry "ENG"]

1. e4 c5 2. d4 cxd4 3. c3 dxc3 4. Nxc3 Nc6 5. Nf3 e6 6. a3 Nge7 7. Bf4 Ng6 8. Bg3 Bc5 9. Nb5 O-O 10. Be2 Bb6 11. O-O d5 12. exd5 exd5 13. Re1 a6 14. Nbd4 f5 15. h3 f4 16. Bh2 Nh4 17. Qd2 Nxd4 18. Nxd4 Qg5 19. Bg4 Bxg4 20. hxg4 Qxg4 21. f3 Nxf3+ 22. Kh1 Nxd2 23. Rad1 Bxd4 24. Rxd2 f3 25. gxf3 Qxf3+ 26. Rg2 Rf6 27. Rc1 Rg6 28. Rcc2 Qf1+ 29. Rg1 Rxg1+ 30. Bxg1 Qxg1# 0-1

[Event "4NCL/2001-02/D3/SWD2-BRI2"]
[Site "Rd04-Birmingham"]
[Date "2001.11.25"]
[Round "4.1"]
[White "Morris, Charles F"]
[Black "Collier, David O"]
[Result "1/2-1/2"]
[WhiteElo "2253"]
[BlackElo "2255"]
[PlyCount "26"]
[EventDate "2001.11.25"]
[EventType "team-match"]
[EventCountry "ENG"]
[SourceTitle "BritBase"]
[Source "John Saunders"]
[SourceDate "2024.10.24"]
[SourceVersion "1"]
[SourceVersionDate "2024.10.24"]
[SourceQuality "1"]
[WhiteTeam "South Wales Dragons 2"]
[BlackTeam "Bristol 2"]
[WhiteTeamCountry "WLS"]
[BlackTeamCountry "ENG"]

1. c4 Nf6 2. g3 e6 3. Bg2 d5 4. Nf3 Be7 5. b3 O-O 6. Bb2 b6 7. O-O Bb7 8. Ne5 c5 9. e3 Qc7 10. f4 dxc4 11. bxc4 Bxg2 12. Kxg2 Qb7+ 13. Qf3 Qxf3+ 1/2-1/2

[Event "4NCL/2001-02/D3/SWD2-BRI2"]
[Site "Rd04-Birmingham"]
[Date "2001.11.25"]
[Round "4.2"]
[White "Rudd, Jack"]
[Black "Jones, Richard S"]
[Result "1-0"]
[WhiteElo "2135"]
[BlackElo "2171"]
[PlyCount "93"]
[EventDate "2001.11.25"]
[EventType "team-match"]
[EventCountry "ENG"]
[SourceTitle "BritBase"]
[Source "John Saunders"]
[SourceDate "2024.10.24"]
[SourceVersion "1"]
[SourceVersionDate "2024.10.24"]
[SourceQuality "1"]
[WhiteTeam "Bristol 2"]
[BlackTeam "South Wales Dragons 2"]
[WhiteTeamCountry "ENG"]
[BlackTeamCountry "WLS"]

1. d4 Nf6 2. c4 c6 3. Nc3 d5 4. Nf3 dxc4 5. a4 Bf5 6. e3 e6 7. Bxc4 Bb4 8. O-O O-O 9. Qe2 Bg6 10. Ne5 Nbd7 11. Nxg6 hxg6 12. Rd1 Qa5 13. Qc2 Rac8 14. Na2 Be7 15. b4 Qh5 16. Be2 Qf5 17. Bd3 Qh5 18. e4 Rfd8 19. Bf4 g5 20. Bg3 Nf8 21. Qb2 Ng6 22. f3 Qh6 23. h3 Nf4 24. Bf1 g6 25. Bf2 g4 26. hxg4 Kg7 27. Bg3 Rh8 28. Qc1 Nxe4 29. fxe4 Bg5 30. Kf2 Nd3+ 31. Bxd3 Bxc1 32. Raxc1 Rhd8 33. Be2 Qg5 34. Rc5 Qe7 35. g5 f6 36. gxf6+ Qxf6+ 37. Ke3 Kg8 38. Re5 Re8 39. Rf1 Qg7 40. Bc4 Rcd8 41. Bh4 Rd6 42. Bf6 Qh6+ 43. Bg5 Qh7 44. Rf6 Qd7 45. Nc3 Kg7 46. Ne2 b6 47. Nf4 1-0

[Event "4NCL/2001-02/D3/SWD2-BRI2"]
[Site "Rd04-Birmingham"]
[Date "2001.11.25"]
[Round "4.3"]
[White "Spice, Alan P"]
[Black "Easton, Alex"]
[Result "1-0"]
[WhiteElo "2201"]
[BlackElo "2139"]
[PlyCount "73"]
[EventDate "2001.11.25"]
[EventType "team-match"]
[EventCountry "ENG"]
[SourceTitle "BritBase"]
[Source "John Saunders"]
[SourceDate "2024.10.24"]
[SourceVersion "1"]
[SourceVersionDate "2024.10.24"]
[SourceQuality "1"]
[WhiteTeam "South Wales Dragons 2"]
[BlackTeam "Bristol 2"]
[WhiteTeamCountry "WLS"]
[BlackTeamCountry "ENG"]

1. Nc3 d5 2. e4 e6 3. exd5 exd5 4. d4 Bb4 5. Bf4 Ne7 6. Bd3 Nbc6 7. Nge2 Bf5 8. O-O O-O 9. Bxf5 Nxf5 10. Qd3 Bxc3 11. bxc3 Nd6 12. Rab1 b6 13. Bxd6 Qxd6 14. c4 dxc4 15. Qxc4 Rad8 16. c3 Qd5 17. Qa4 Na5 18. Rb5 Qd7 19. Qb4 Rfe8 20. Ng3 Qd6 21. Qb1 Nc4 22. Qd3 Ne5 23. Qc2 Qg6 24. Qc1 Nc4 25. Rg5 Qe6 26. Qb1 h6 27. Rg4 Qd6 28. Qc1 Qe6 29. Qf4 Qd6 30. Rxg7+ Kxg7 31. Nf5+ Kf8 32. Nxd6 Rxd6 33. d5 Ne5 34. c4 Nd7 35. Qd4 Re2 36. Qh8+ Ke7 37. Qc8 1-0